| 000 | 00333 a2200097 4500 | ||
|---|---|---|---|
| 082 | _a519.4 CIA | ||
| 100 | _aCiarlet, P. G. | ||
| 245 |
_aHandbook of numerical analysis :Basic error estimates for elliptic problems [vol-2] _cP. G. Ciarlet, J. L. Lions |
||
| 260 |
_aHolland: _bElsevier pub, _c1991. |
||
| 300 |
_a928p. : _bill. ; _c27 cm. |
||
| 650 | _anumerical analysis | ||
| 999 |
_c528 _d528 |
||